00000000cam 2200000zi 4500
0019.957122
003CaOODSP
00520251209102242
006m     o  d f      
007cr cn|||||||||
008251105t20252025onca    ob   f000 0 eng d
020 |a9780660796253
040 |aCaOODSP|beng|erda|cCaOODSP
043 |an-cn---
0861 |aNM95-57/11-1-2025E-PDF
24500|aMaking enclosures for books and paper objects.
264 1|a[Ottawa] : |bCanadian Conservation Institute = Institut canadien de conservation, |c[2025]
264 4|c©2025
300 |a1 online resource (11 pages) : |billustrations.
336 |atext|btxt|2rdacontent
337 |acomputer|bc|2rdamedia
338 |aonline resource|bcr|2rdacarrier
4901 |aCanadian Conservation Institute (CCI) notes, |x1928-1455 ; |v11/1
500 |aCaption title.
500 |aIssued also in French under title: Fabrication de contenants de protection pour les livres et les objets de papier.
504 |aIncludes bibliographical references (pages 9-11).
650 0|aBooks|xConservation and restoration|zCanada.
650 0|aPaper|xPreservation|zCanada.
7102 |aCanadian Conservation Institute, |eissuing body.
77508|tFabrication de contenants de protection pour les livres et les objets de papier.|w(CaOODSP)9.957123
795 |tMaking protective enclosures for books and paper artifacts |w(CaOODSP)9.570265
830#0|aCCI notes ;|v11/1.|w(CaOODSP)9.506353
85640|qPDF|s229 KB|uhttps://publications.gc.ca/collections/collection_2025/pch/NM95-57-11-1-2025-eng.pdf
8564 |qHTML|sN/A|uhttps://www.canada.ca/en/conservation-institute/services/conservation-preservation-publications/canadian-conservation-institute-notes/protective-enclosures-books-paper.html